| 000 | 01041 am a2200277ua 4500 | ||
|---|---|---|---|
| 001 | 012670183 | ||
| 005 | 20140209160017.0 | ||
| 008 | 840607s1983||||xxka grb f000 0 eng d | ||
| 020 | _a0902170031 | ||
| 040 |
_aUk _cUk |
||
| 043 | _ae-uk--- | ||
| 082 | 0 | 4 |
_a384.530941 _222 _bMOS |
| 100 | 1 |
_a Moseley, Malcolm J. _935113 |
|
| 245 | 1 | 0 |
_aMobile services in rural areas : _ba report to the Department of Environment and Welsh Office / _cMalcolm J. Moseley and John Packman. |
| 260 |
_aNorwich, United Kingdom : _bThe School of Environmental Sciences, University of East Anglia, _c1983. |
||
| 300 |
_axvi, 255 p. : _bill. ; _c21 cm. |
||
| 504 | _aBibliography : p. 247-255. | ||
| 650 |
_935117 _aMobile communication systems _zGreat Britain |
||
| 653 |
_bGeneral _cFebruary2012 |
||
| 655 |
_vreading book _934232 |
||
| 690 | 7 |
_aSocial Welfare _2blcoll |
|
| 700 | 1 |
_aPackman, John _935114 |
|
| 710 | 1 |
_a Great Britain. _bDepartment of the Environment _935115 |
|
| 710 | 1 |
_aGreat Britain. _bWelsh Office _935116 |
|
| 942 |
_2ddc _k384.530941 MOS |
||
| 999 |
_c18046 _d18018 |
||